History Quiz

Random History or Numbers Quiz

History by Numbers II Quiz Stats

Quiz Updated Apr 6, 2016

Also try: History by Numbers
Challenge
Share
Tweet
Embed
Score 0/55 Timer 07:00
4 Plays Today
% Correct
Franklin D. Roosevelt
87.1%
Theodore Roosevelt
87%
Poland
82.4%
The Santa María
80%
Dwight D. Eisenhower
76.8%
The Pinta
76.2%
Peace
75%
Harry S. Truman
74.1%
The Niña
72.9%
Herbert Hoover
72.6%
Orville
72%
Woodrow Wilson
67.9%
Water
67.7%
Fire
65%
Earth
64.8%
William H. Taft
64.1%
Literature
63%
Calvin Coolidge
62.4%
Wilbur
60.9%
Air
59.1%
Physics
57.9%
House of Windsor
57.1%
Babylon
56.3%
Chemistry
56.1%
House of Tudor
55.7%
Anne Boleyn
53.2%
Soviet Union
52.2%
William McKinley
52%
% Correct
Hungary
51.6%
Giza
51.4%
Warren G. Harding
49.6%
Romania
48.7%
Czechoslovakia
44%
Catherine of Aragon
43.3%
Alexandria
42.4%
Bulgaria
42%
Rhodes
38.5%
German Democratic Republic
35.6%
Jane Seymour
33%
House of Stuart
31.3%
Physiology or Medicine
31.1%
Albania
31%
Katherine Parr
26.8%
Anne of Cleves
26.7%
House of York
26%
House of Lancaster
22.2%
Kathryn Howard
20.2%
Laika
19%
House of Hanover
18.9%
House of Angevin (Plantagenet)
16.6%
House of Normandy
14.1%
Ephesus
11.1%
Olympia
10.5%
Halicarnassus
10.5%
House of Saxe-Coburg-Gotha
10%

You're not logged in!

Compare scores with friends on all Sporcle quizzes.
Sign Up with Email
OR
Log In

You Might Also Like...

Show Comments

Extras

Top Quizzes Today


Score Distribution

Your Account Isn't Verified!

In order to create a playlist on Sporcle, you need to verify the email address you used during registration. Go to your Sporcle Settings to finish the process.